American humor : (Record no. 549332)

000 -LEADER
fixed length control field 00984cam a22002534a 4500
020 ## - INTERNATIONAL STANDARD BOOK NUMBER
International Standard Book Number 1556524307 (hardback : alk. paper)
020 ## - INTERNATIONAL STANDARD BOOK NUMBER
International Standard Book Number 1556524315 (pbk. : alk. paper)
082 00 - DEWEY DECIMAL CLASSIFICATION NUMBER
Classification number 817
Author Mark ROU
245 00 - TITLE STATEMENT
Title American humor :
Remainder of title the best Black comedy from slavery to today /
Statement of responsibility, etc. edited by Mel Watkins ; foreword by Dick Gregory.
250 ## - EDITION STATEMENT
Edition statement 1st ed.
260 ## - PUBLICATION, DISTRIBUTION, ETC.
Place of publication, distribution, etc. Chicago, Ill. :
Name of publisher, distributor, etc. Lawrence Hill Books,
Date of publication, distribution, etc. c2002.
300 ## - PHYSICAL DESCRIPTION
Extent xxv, 374 p. ;
Dimensions 24 cm.
500 ## - GENERAL NOTE
General note Includes index.
526 ## - STUDY PROGRAM INFORMATION NOTE
Program name 0
Interest level 0
Reading level 0
Title point value 817_000000000000000_ROU
650 #0 - SUBJECT ADDED ENTRY--TOPICAL TERM
Topical term or geographic name entry element African American proverbs.
9 (RLIN) 45940
650 #0 - SUBJECT ADDED ENTRY--TOPICAL TERM
Topical term or geographic name entry element African American wit and humor.
9 (RLIN) 45941
650 #0 - SUBJECT ADDED ENTRY--TOPICAL TERM
Topical term or geographic name entry element African Americans
9 (RLIN) 27253
650 #0 - SUBJECT ADDED ENTRY--TOPICAL TERM
Topical term or geographic name entry element American prose literature
General subdivision African American authors.
9 (RLIN) 45942
650 #0 - SUBJECT ADDED ENTRY--TOPICAL TERM
Topical term or geographic name entry element MCE
9 (RLIN) 379
700 1# - ADDED ENTRY--PERSONAL NAME
Personal name Watkins, Mel,
9 (RLIN) 45943
856 42 - ELECTRONIC LOCATION AND ACCESS
Uniform Resource Identifier <a href="http://www.loc.gov/catdir/enhancements/fy0727/2002002895-b.html">http://www.loc.gov/catdir/enhancements/fy0727/2002002895-b.html</a>
856 42 - ELECTRONIC LOCATION AND ACCESS
Uniform Resource Identifier <a href="http://www.loc.gov/catdir/enhancements/fy0727/2002002895-d.html">http://www.loc.gov/catdir/enhancements/fy0727/2002002895-d.html</a>
942 ## - ADDED ENTRY ELEMENTS (KOHA)
Source of classification or shelving scheme
Koha item type Book
Holdings
Withdrawn status Lost status Source of classification or shelving scheme Damaged status Not for loan Permanent Location Current Location Date acquired Total Checkouts Full call number Barcode Date last seen Price effective from Koha item type
          Military College of Engineering (MCE) Military College of Engineering (MCE) 09/23/2014   817 ROU MCE-MCA/5.1 09/23/2014 09/23/2014 Book
© 2023 Central Library, National University of Sciences and Technology. All Rights Reserved.